000 00920nam a22003137b 4500
001 012233
003 DO-SdBPM
005 20250514082418.0
007 012233
008 990512s1998 sp | ||| ||spa
016 7 _a
_2BPMSU
017 _a
_b
020 _a8420457868
035 _a
040 _aDO-SdBPM
_bspa
_cBPMSU
_e
082 4 _a863.6
_bL747m 1998
_222
100 1 _aLindo, Elvira
_d1962-
245 1 0 _aManolito on the road /
_cElvira Lindo ; ilustraciones de Emilio Urberuaga
_h
260 _aMadrid
_bAlfaguara
_c1998
300 _a147 p. :
_bil. ;
_c20 cm
490 0 _aManolito Gafotas
590 _aInventariado, 2025/VM
650 4 _aNovela juvenil española.
_2
650 4 _aViajes
_vCuentos infantiles
651 4 _aEspaña
_xDescripciones y viajes
_vNovela juvenil.
700 1 _aUrberuaga, Emilio
_eilustraciones
910 _aVMateo V. Control de calidad BPMSU
942 _2ddc
_cBK
999 _c9883
_d9883